000 00376nam a22001457a 4500
008 210511b ||||| |||| 00| 0 eng d
020 _a2900132275148
041 _aeng
080 _29th
_a37
082 _a37
100 _a46
101 _aEDU
245 _aCharacteristics of Emotional and Behavioral Disorders of Children and Youth
_cJames M. Kauffman
942 _2udc
_cBK
999 _c57193
_d57193